| Tag |
First Indicator |
Second Indicator |
Subfields |
| LEADER |
00000cam a2200000 a 4500 |
| 001 |
in00002149321 |
| 006 |
m e d # |
| 007 |
cr mn mmmmabba |
| 008 |
820824s1799 njua s 000 0 eng d |
| 005 |
20260331164057.5 |
| 035 |
|
|
|z w022686
|
| 035 |
|
|
|a MAAR8208242702B
|
| 035 |
|
|
|9 mwa91-22981
|
| 035 |
|
|
|a 341673
|
| 035 |
|
|
|a aas03022686
|
| 040 |
|
|
|a MWA
|c MWA
|e bdrb
|d UtOrBLW
|
| 245 |
0 |
4 |
|a The New-Jersey and New-York almanac, for the year 1800. ... /
|c By Abraham Shoemaker.
|
| 264 |
|
3 |
|a Newark [N.J.] :
|b Printed by Matthias Day, for Parkhurst & Pennington,
|c [1799]
|
| 300 |
|
|
|a 36 unnumbered pages :
|b illustrations ;
|c 19 cm. (duodecimo)
|
| 336 |
|
|
|a text
|b txt
|2 rdacontent
|
| 337 |
|
|
|a computer
|b c
|2 rdamedia
|
| 338 |
|
|
|a online resource
|b cr
|2 rdacarrier
|
| 500 |
|
|
|a Date of publication supplied by Evans.
|
| 500 |
|
|
|a The Anatomy is the only illustration.
|
| 510 |
4 |
|
|a Evans
|c 36303
|
| 510 |
4 |
|
|a Drake, M. Almanacs,
|c 5198
|
| 510 |
4 |
|
|a Morsch, L.M. New Jersey,
|c 444
|
| 530 |
|
|
|a Microform version available in the Readex Early American Imprints series.
|
| 533 |
|
|
|a Electronic text and image data.
|b [Chester, Vt. :
|c Readex, a division of Newsbank, Inc.,
|d 2002-2004.
|e Includes files in TIFF, GIF and PDF formats with inclusion of keyword searchable text.
|f (Early American imprints. First series ; no. 36303).
|
| 500 |
|
|
|a Electronic resource.
|
| 655 |
|
7 |
|a Almanacs
|z New Jersey
|y 1800.
|2 rbgenr
|
| 700 |
1 |
|
|a Shoemaker, Abraham.
|
| 752 |
|
|
|a United States
|b New Jersey
|d Newark.
|
| 830 |
|
0 |
|a Early American imprints.
|n Series I,
|p Evans (1639-1800) ;
|v no. 36303.
|
| 856 |
4 |
1 |
|u http://proxy.library.tamu.edu/login?url=https://opac.newsbank.com/select/evans/36303
|y Evans Digital Edition
|t 0
|
| 999 |
|
|
|a MARS
|
| 999 |
f |
f |
|s 342d9dff-e4e8-31cc-a529-e38b1f960d6b
|i ccc1b07c-b0c5-3a0d-b199-f2dc250dbbe0
|t 0
|
| 952 |
f |
f |
|a Texas A&M University
|b College Station
|c Electronic Resources
|s www_evans
|d Available Online
|t 0
|h No information provided
|
| 998 |
f |
f |
|t 0
|l Available Online
|